Follow That Line: Community, Part 1 Quiz Stats

 Plays Quiz not verified by Sporcle

Also try: TV Debuts: 1988
Challenge
Share
Tweet
Score 0/21 Timer 10:00
0 Plays Today
% Correct
And Ones don't get a rhyme, because they're garbage!
97.7%
Britta Unfiltered.
96.9%
Is there any room in this pocket for a little spare Chang?
96.9%
Jafar was a badass!
96.7%
When you found out I was Jewish, you invited me into a 'pool party' that turned out to be a baptism.
95.9%
Uh, Professor Slater?
95.9%
Why hasn't he died from lack of service?
95.7%
Meryl Streep has two Oscars because of her baking.
95.6%
And such a creative way to tell the world you're gay.
94.7%
I would love to make a Jesus movie.
94.4%
I've never seen it, but I'm pretty sure they MAILED EACH OTHER PANTS!
94.2%
% Correct
Then send him a message about the roles he chooses.
94.1%
Disappointing you is like choking the little mermaid with a bike chain.
93.8%
It's a risk I'm prepared to take.
92.8%
They're trying to impress their high school's prom king.
92.7%
Hello during a random dessert, the month and day of which coincide numerically with your expulsion from a uterus.
92.4%
You've hit gold. Save some for the screen.
91.3%
Yes, but you also put hydrogen in balloons and that was bad.
88.3%
I knew I should've read that book!
87.1%
Pierce, I'd like to commend you for letting that one go.
85.8%
Jeff can marry any man he wants.
83.5%

You're not logged in!

Compare scores with friends on all Sporcle quizzes.
Join for Free
OR
Log In

You Might Also Like...

Show Comments

Extras

Top Quizzes Today


Score Distribution

Your Account Isn't Verified!

In order to create a playlist on Sporcle, you need to verify the email address you used during registration. Go to your Sporcle Settings to finish the process.

Report this User

Report this user for behavior that violates our Community Guidelines.

Details: